LEADER 01088nam0-2200337---450- 001 990008472640403321 005 20070419114613.0 035 $a000847264 035 $aFED01000847264 035 $a(Aleph)000847264FED01 035 $a000847264 100 $a20070222d2006----km-y0itay50------ba 101 0 $aita 102 $aIT 105 $a--------001cy 200 1 $a<>analisi della dispersione scolastica$eteorie, metodi e pratiche di ricerca$fAmalia Caputo$gprefazione di Angela Cortese 210 $aPomigliano D'Arco (Napoli)$cOxiana$dİ2006 215 $a301 p.$cgraf., fig., tab.$d21 cm 225 1 $aComunicazione e scienze sociali 320 $aContiene bibl. (pp. 271-284) 610 0 $aInsuccesso scolastico$aScuole secondarie superiori 676 $a373.12913$v21$zita 700 1$aCaputo,$bAmalia$0300763 702 1$aCortese,$bAngela 801 0$aIT$bUNINA$gRICA$2UNIMARC 901 $aBK 912 $a990008472640403321 952 $a373.12913 CAP 1$b3438$fBFS 959 $aBFS 996 $aAnalisi della dispersione scolastica$9730202 997 $aUNINA LEADER 00966nam0-2200337---450- 001 990005854470403321 005 20160419102739.0 010 $a88-85015-25-5 035 $a000585447 035 $aFED01000585447 035 $a(Aleph)000585447FED01 035 $a000585447 100 $a19990604d1985----km-y0itay50------ba 101 0 $aita$ceng 102 $aIT 105 $ay-------001yy 200 1 $a<>ebrei d'Europa e l'Inquisizione a Venezia dal 1550 al 1670$fBrian Pullan 210 $aRoma$cIl Veltro$d1985 215 $a522 p.$d22 cm 454 0$10010000560581 610 0 $aEbrei$aVenezia$aSec. 16.-18. 610 0 $aInquisizione$aVenezia$aSec. 16.-17. 676 $a945.31004924$v19$zita 676 $a272.2094531$v21$zita 700 1$aPullan,$bBrian$f<1935- >$010767 801 0$aIT$bUNINA$gRICA$2UNIMARC 901 $aBK 912 $a990005854470403321 952 $a945.31 PUL 1$bBIBL. 9411$fFLFBC 959 $aFLFBC 997 $aUNINA